[Event "Sunningdale e2e4 op 04"]
[Site "Ascot"]
[Date "2014.04.21"]
[Round "8"]
[White "Jacobsen, Fredrik Beer"]
[Black "Jackson, James P"]
[Result "1/2-1/2"]
[WhiteElo "2042"]
[BlackElo "2283"]
[PlyCount "122"]
[EventDate "2014.04.17"]
[EventType "swiss"]
[EventRounds "9"]
[EventCountry "ENG"]
[SourceTitle "CBM 159 Extra"]
[Source "ChessBase"]
[SourceDate "2014.04.24"]
[SourceVersion "1"]
[SourceVersionDate "2014.04.24"]
[SourceQuality "1"]

1. e4 g6 2. Nc3 Bg7 3. g3 d6 4. Bg2 c5 5. d3 Nc6 6. Be3 e5 7. Qd2 Nge7 8. Bh6 Bxh6 9. Qxh6 Nd4 10. Qd2 Be6 11. Nge2 Nec6 12. a3 c4 13. Nxd4 Nxd4 14. Ne2 Nxe2 15. Qxe2 Qb6 16. Rb1 Rc8 17. 0-0 cxd3 18. cxd3 0-0 19. Rbc1 Qd4 20. Qd2 b6 21. Rc3 Rxc3 22. bxc3 Qc5 23. Qb2 Rc8 24. Rc1 a5 25. Kh1 b5 26. Bf1 b4 27. axb4 axb4 28. c4 Ra8 29. Kg2 Ra3 30. Rb1 Ra4 31. Qd2 f5 32. f3 f4 33. gxf4 exf4 34. d4 Qg5+ 35. Kh1 b3 36. Qc1 Qh4 37. Rxb3 Qf2 38. Rb2 Qxf3+ 39. Bg2 Qe3 40. Qxe3 fxe3 41. Bf1 Bxc4 42. Bxc4+ Rxc4 43. Re2 Rxd4 44. Rxe3 Rd2 45. Rf3 Kg7 46. Kg1 Re2 47. Rd3 Rxe4 48. Rxd6 Re2 49. Rd7+ Kh6 50. Rf7 Rd2 51. Re7 g5 52. Rf7 Kg6 53. Rf8 h5 54. h3 Rc2 55. Rf3 Ra2 56. Rf8 g4 57. hxg4 hxg4 58. Rb8 Kg5 59. Rb3 Re2 60. Ra3 Kf4 61. Rb3 Ra2 1/2-1/2

[Event "Sunningdale e2e4 op 04"]
[Site "Ascot"]
[Date "2014.04.18"]
[Round "3"]
[White "Jacobsen, Fredrik Beer"]
[Black "Jennings, Richard"]
[Result "1-0"]
[WhiteElo "2042"]
[BlackElo "1908"]
[PlyCount "49"]
[EventDate "2014.04.17"]
[EventType "swiss"]
[EventRounds "9"]
[EventCountry "ENG"]
[SourceTitle "CBM 159 Extra"]
[Source "ChessBase"]
[SourceDate "2014.04.24"]
[SourceVersion "1"]
[SourceVersionDate "2014.04.24"]
[SourceQuality "1"]

1. e4 Nf6 2. d3 e5 3. Nc3 Nc6 4. g3 Bb4 5. Bd2 0-0 6. Bg2 d6 7. Nge2 Ne7 8. 0-0 c6 9. Kh1 d5 10. Bg5 d4 11. Bxf6 gxf6 12. Nb1 f5 13. f4 fxe4 14. dxe4 exf4 15. gxf4 Bg4 16. Bf3 Bxf3+ 17. Rxf3 Bc5 18. Nd2 Bb6 19. Nc4 c5 20. f5 Bc7 21. f6 Ng6 22. Qd2 Kh8 23. Qh6 Rg8 24. Rh3 Nf8 25. Rg1 1-0

[Event "Sunningdale e2e4 op 04"]
[Site "Ascot"]
[Date "2014.04.17"]
[Round "1"]
[White "Jacobsen, Fredrik Beer"]
[Black "Eggleston, David"]
[Result "0-1"]
[WhiteElo "2042"]
[BlackElo "2402"]
[PlyCount "134"]
[EventDate "2014.04.17"]
[EventType "swiss"]
[EventRounds "9"]
[EventCountry "ENG"]
[SourceTitle "CBM 159 Extra"]
[Source "ChessBase"]
[SourceDate "2014.04.24"]
[SourceVersion "1"]
[SourceVersionDate "2014.04.24"]
[SourceQuality "1"]

1. e4 c5 2. Nc3 a6 3. a4 Nc6 4. g3 g6 5. Bg2 Bg7 6. d3 Nf6 7. Be3 d6 8. h3 Rb8 9. Qd2 Nd4 10. Nge2 Nd7 11. Nc1 Ne5 12. Qd1 b5 13. axb5 axb5 14. 0-0 Nec6 15. Nb1 b4 16. c3 Nb5 17. Ne2 0-0 18. Qd2 Na5 19. Nc1 bxc3 20. bxc3 c4 21. Qa2 Nxc3 22. Qxa5 Qxa5 23. Rxa5 Rxb1 24. dxc4 Bb7 25. f3 Rc8 26. Na2 Rb3 27. Nxc3 Rxc3 28. Ra7 Bc6 29. Re1 Rxe3 30. Rxe3 Bd4 31. Raa3 Bd7 32. Bf1 Be6 33. Kg2 Bxe3 34. Rxe3 Bxc4 35. Bxc4 Rxc4 36. f4 h5 37. Kf3 Rd4 38. Rc3 Kg7 39. Ke3 Rd1 40. Kf3 Ra1 41. g4 Rf1+ 42. Ke3 Rh1 43. Kf2 h4 44. Kg2 Ra1 45. Kf3 Rf1+ 46. Ke3 Rh1 47. Kd4 Rg1 48. e5 Rd1+ 49. Rd3 Rxd3+ 50. Kxd3 dxe5 51. fxe5 Kh6 52. Kd4 Kg5 53. Ke3 e6 54. Ke4 f5+ 55. gxf5 gxf5+ 56. Kf3 f4 57. Ke4 f3 58. Kxf3 Kf5 59. Ke2 Kxe5 60. Ke3 Kf5 61. Kf3 e5 62. Ke3 e4 63. Ke2 Kf4 64. Kf2 e3+ 65. Ke2 Ke4 66. Ke1 Kf3 67. Kf1 Kg3 0-1

[Event "Gibraltar Masters 12th"]
[Site "Caleta"]
[Date "2014.02.06"]
[Round "10"]
[White "Jacobsen, Fredrik Beer"]
[Black "Nordstrom, Hakon N"]
[Result "0-1"]
[WhiteElo "1991"]
[BlackElo "1835"]
[PlyCount "92"]
[EventDate "2014.01.28"]
[EventType "swiss"]
[EventRounds "10"]
[EventCountry "GGB"]
[SourceTitle "CBM 159"]
[Source "ChessBase"]
[SourceDate "2014.03.17"]
[SourceVersion "1"]
[SourceVersionDate "2014.03.17"]
[SourceQuality "1"]

1. e4 e6 2. d3 d5 3. Nd2 Nf6 4. Ngf3 c5 5. g3 Nc6 6. Bg2 Be7 7. 0-0 0-0 8. Re1 b6 9. e5 Nd7 10. Nf1 Bb7 11. h4 Qc7 12. Bf4 d4 13. a3 Bd8 14. Qd2 Ne7 15. g4 Rc8 16. Bg3 Ng6 17. h5 Bxf3 18. hxg6 fxg6 19. Bxf3 Rxf3 20. Qe2 Rf7 21. Nd2 Qb7 22. f4 Be7 23. Rf1 Rcf8 24. c4 Qb8 25. Rf3 b5 26. Raf1 bxc4 27. Nxc4 Nb6 28. b3 Nd5 29. f5 gxf5 30. gxf5 Rxf5 31. Rxf5 exf5 32. Qf3 Ne3 33. Nxe3 dxe3 34. Qd5+ Kh8 35. Qe6 Qd8 36. Rxf5 e2 37. Be1 Qd4+ 38. Kh2 Qxd3 39. Rxf8+ Bxf8 40. Qf7 Qd8 41. Qxa7 Qe8 42. Qc7 Qh5+ 43. Kg2 Qf5 44. Qd8 h6 45. e6 Kh7 46. e7 Qe4+ 0-1

[Event "Gibraltar Challengers-B 12th"]
[Site "Caleta"]
[Date "2014.02.04"]
[Round "4"]
[White "Jameson, David"]
[Black "Jacobsen, Fredrik Beer"]
[Result "1-0"]
[WhiteElo "2128"]
[BlackElo "2017"]
[PlyCount "111"]
[EventDate "2014.02.01"]
[EventType "swiss"]
[EventRounds "5"]
[EventCountry "GGB"]
[SourceTitle "CBM 158 Extra"]
[Source "ChessBase"]
[SourceDate "2014.02.28"]
[SourceVersion "1"]
[SourceVersionDate "2014.02.28"]
[SourceQuality "1"]

1. c4 Nf6 2. Nc3 e5 3. g3 d5 4. cxd5 Nxd5 5. Bg2 Nb6 6. d3 Be7 7. Nf3 Nc6 8. 0-0 0-0 9. a3 a5 10. Be3 Be6 11. Rc1 f6 12. Ne4 Nd5 13. Bc5 Rb8 14. Bxe7 Qxe7 15. Nc5 Nd8 16. Nxe6 Qxe6 17. Qb3 Kh8 18. Qb5 Nc6 19. Ng5 Qf5 20. Nf3 Nde7 21. Rfd1 Rfd8 22. Rc5 Rd6 23. Rdc1 Qe6 24. Qc4 Qd7 25. Qc2 g5 26. h3 h5 27. Qd2 Kg7 28. R5c4 Rc8 29. b4 axb4 30. axb4 Nd8 31. Nxg5 fxg5 32. Qxg5+ Ng6 33. Qxh5 c6 34. Rg4 Rf6 35. Be4 Qd6 36. f4 Nf7 37. f5 Rh8 38. Qxg6+ Rxg6 39. Rxg6+ Qxg6 40. fxg6 Ng5 41. h4 Nxe4 42. dxe4 Kxg6 43. Rc5 Kf6 44. b5 Rc8 45. bxc6 bxc6 46. Kg2 Ke6 47. g4 Kd6 48. Rc4 c5 49. Kg3 Rb8 50. g5 Rb4 51. g6 Ke6 52. Rxc5 Rxe4 53. g7 Kf7 54. h5 Rxe2 55. h6 Re3+ 56. Kf2 1-0

[Event "Gibraltar Challengers-B 12th"]
[Site "Caleta"]
[Date "2014.02.03"]
[Round "3"]
[White "Jacobsen, Fredrik Beer"]
[Black "Allor, Chuckwuka"]
[Result "1/2-1/2"]
[WhiteElo "2017"]
[BlackElo "2138"]
[PlyCount "66"]
[EventDate "2014.02.01"]
[EventType "swiss"]
[EventRounds "5"]
[EventCountry "GGB"]
[SourceTitle "CBM 158 Extra"]
[Source "ChessBase"]
[SourceDate "2014.02.28"]
[SourceVersion "1"]
[SourceVersionDate "2014.02.28"]
[SourceQuality "1"]

1. e4 c5 2. Nc3 d6 3. g3 Nc6 4. Bg2 g6 5. d3 Bg7 6. Be3 Nd4 7. Qd2 Qa5 8. f4 e6 9. Nf3 Ne7 10. 0-0 Nec6 11. Rf2 Bd7 12. Nd1 Nxf3+ 13. Bxf3 Qxd2 14. Rxd2 0-0 15. c3 Rac8 16. Nf2 b6 17. Rad1 Rfd8 18. g4 h6 19. Kg2 Be8 20. Nh3 e5 21. f5 g5 22. Ng1 f6 23. Ne2 Kf7 24. Kf2 Ke7 25. Ke1 Bf7 26. c4 Rb8 27. Nc3 Rdc8 28. Rg2 h5 29. h3 h4 30. Kd2 Kd7 31. Kc1 Bf8 32. Rdd2 Be7 33. Bd1 Kc7 1/2-1/2

[Event "Gibraltar Masters 12th"]
[Site "Caleta"]
[Date "2014.02.02"]
[Round "6"]
[White "Christophe Hayot, Romain"]
[Black "Jacobsen, Fredrik Beer"]
[Result "0-1"]
[WhiteElo "1841"]
[BlackElo "1991"]
[PlyCount "52"]
[EventDate "2014.01.28"]
[EventType "swiss"]
[EventRounds "10"]
[EventCountry "GGB"]
[SourceTitle "CBM 159"]
[Source "ChessBase"]
[SourceDate "2014.03.17"]
[SourceVersion "1"]
[SourceVersionDate "2014.03.17"]
[SourceQuality "1"]

1. Nf3 d5 2. b3 c5 3. Ba3 e6 4. e3 Nc6 5. Bb5 Bd7 6. 0-0 a6 7. Bxc6 Bxc6 8. d4 b6 9. Ne5 Qc7 10. f4 Nf6 11. Nd2 Bd6 12. g4 Nd7 13. g5 h6 14. g6 fxg6 15. Nxg6 Rg8 16. Qg4 0-0-0 17. Qxe6 Rge8 18. Qh3 cxd4 19. Bxd6 Qxd6 20. Ne5 dxe3 21. Qxe3 Nxe5 22. fxe5 Rxe5 23. Qxb6 Qg6+ 24. Kf2 Rf8+ 25. Nf3 Rxf3+ 26. Kxf3 d4+ 0-1